Productivity engineering and management : productivity measurement, evaluation, planning, and improvement in manufacturing and service organizations (Record no. 77244)

MARC details
000 -LEADER
fixed length control field 01356nam a2200217 a 4500
008 - FIXED-LENGTH DATA ELEMENTS--GENERAL INFORMATION
fixed length control field 060316s1984 ||||||||||||||||| || u
020 ## - INTERNATIONAL STANDARD BOOK NUMBER
International Standard Book Number 0070624267
050 ## - LIBRARY OF CONGRESS CALL NUMBER
Classification number T 58.8 Sum
100 ## - MAIN ENTRY--PERSONAL NAME
Personal name Sumanth, David J
245 10 - TITLE STATEMENT
Title Productivity engineering and management : productivity measurement, evaluation, planning, and improvement in manufacturing and service organizations
260 ## - PUBLICATION, DISTRIBUTION, ETC.
Place of publication, distribution, etc. New York :
Name of publisher, distributor, etc. McGraw-Hill
Date of publication, distribution, etc. 1984
300 ## - PHYSICAL DESCRIPTION
Extent xx, 547 p. : ill.
350 ## -
-- 0.00
500 ## - GENERAL NOTE
General note Includes index. -Bibliography: p. 525-538.
650 ## - SUBJECT ADDED ENTRY--TOPICAL TERM
Topical term or geographic name entry element INDUSTRIAL PRODUCTIVITY
995 ## -
-- MAIN LIBRARY OPEN ACCESS
-- 0.00
-- 716383
-- CBU-MAIN LIBRARY (Kitwe)
-- 1
-- 37.95
-- T 58.8 Sum
-- 1
-- AVAILABLE
-- 016240
-- Main Library Open Access Collection
995 ## -
-- MAIN LIBRARY OPEN ACCESS
-- 0.00
-- 713956
-- CBU-MAIN LIBRARY (Kitwe)
-- 2
-- 37.95
-- T 58.8 Sum
-- 1
-- AVAILABLE
-- 016239
-- Main Library Open Access Collection
995 ## -
-- TEXTBOOKS (SBE)
-- 0.00
-- 5228
-- CBU-SCHOOL TEXTBOOK COLLECTIONS
-- 1
-- 0.00
-- SCHOOL TEXTBOOK
-- 5
-- AVAILABLE
-- Sep 2, 2009
-- 5228
-- School Collections
995 ## -
-- TEXTBOOKS (SBE)
-- 0.00
-- 2690
-- CBU-SCHOOL TEXTBOOK COLLECTIONS
-- 1
-- 0.00
-- SCHOOL TEXTBOOK
-- 3
-- AVAILABLE
-- Nov 20, 2008
-- 2690
-- School Collections
995 ## -
-- TEXTBOOKS (SBE)
-- 0.00
-- 5227
-- CBU-SCHOOL TEXTBOOK COLLECTIONS
-- 1
-- 0.00
-- SCHOOL TEXTBOOK
-- 4
-- AVAILABLE
-- Sep 2, 2009
-- 5227
-- School Collections
999 ## -
-- 77244
-- 77244
Holdings
Withdrawn status Lost status Source of classification or shelving scheme Damaged status Not for loan Permanent Location Current Location Shelving location Date acquired Total Checkouts Full call number Barcode Date last seen Copy number Price effective from Koha item type
          CBU-MAIN LIBRARY, KITWE. CBU-MAIN LIBRARY, KITWE.   04/25/2023   T 58.8 Sum 016240 04/25/2023 1 04/25/2023 MONOGRAPH
          CBU-MAIN LIBRARY, KITWE. CBU-MAIN LIBRARY, KITWE.   04/25/2023   T 58.8 Sum 016239 04/25/2023 2 04/25/2023 MONOGRAPH
          CBU-SCHOOL TEXT BOOK COLLECTION CBU-SCHOOL TEXT BOOK COLLECTION   04/25/2023   SCHOOL TEXTBOOK 5228 04/25/2023 3 04/25/2023 MONOGRAPH
          CBU-SCHOOL TEXT BOOK COLLECTION CBU-SCHOOL TEXT BOOK COLLECTION   04/25/2023   SCHOOL TEXTBOOK 2690 04/25/2023 4 04/25/2023 MONOGRAPH
          CBU-SCHOOL TEXT BOOK COLLECTION CBU-SCHOOL TEXT BOOK COLLECTION   04/25/2023   SCHOOL TEXTBOOK 5227 04/25/2023 5 04/25/2023 MONOGRAPH